000 00935nam a22002177a 4500
999 _c5689
_d5689
003 AR-CdUCM
008 190313b ||||| |||| 00| 0 spa d
040 _aMUNICIPALIDAD PROVINCIAL DEL CUSCO
_cBIBLIOTECA MUNICIPAL DEL CUSCO
082 _a105 /
_bF82
100 _aFrancois ,Donatien Alphoise
_916946
245 _aEscritos Filosoficos y Politicos /
260 _aMéxico :
_bGrijalbo S.A. ,
_c1969.
300 _a156 páginas ;
_c18 cm.
440 _aColección 70
_n50
_916947
505 _aContenido : Sade, encarnacion de la filosofia -- Dialogo entre un sacerdote y un moribundo -- Regalos Filosoficos -- Pensamiento encontrado -- Idea sobre el modo de sancion de las leyes -- Carta de un ciudadano de París -- Peticion a los representantes del Pueblo Francés...
650 _aMarques de Sade
_916948
650 _aEscritos Filosoficos
_916949
650 _aEscritos Politicos
_916950
942 _2ddc
_cLIBROS
945 _artm